| 000 | 00528nam a22001577a 4500 | ||
|---|---|---|---|
| 005 | 20251108164128.0 | ||
| 008 | 250721s1986 xx 000 0 ara d | ||
| 082 | 1 | 4 | _a341.2/عبد |
| 100 | 1 | _aمحمود، عبد الغني | |
| 245 | 1 | 0 | _aالتحفظ على المعاهدات الدولية في القانون الدولي العام و الشريعة الإسلامية / |
| 264 |
_bدار الإتحاد العربي، _c1986. |
||
| 300 | _a200ص | ||
| 650 | 1 | 7 | _aالمعاهدات |
| 942 |
_2ddc _cBK |
||
| 999 |
_c4354 _d4354 |
||